00453nam a2200157Ia 4500008004100000020001400041082001100055100003400066245004400100250000800144260003900152300002400191500001900215600003300234650002800267240925s9999 xx 000 0 und d a194313506 a425THO aThomson, A J; Martinet ,A. V. 2aA Practical English Grammar Exercises 2 a3rd aOxford:bOxford Universityc,1996. a224p.bNAfOriginal aIncludes Index aHumanities & Natural Science aEnglish and Old English